| 000 | 00496nam a2200169Ia 4500 | ||
|---|---|---|---|
| 999 |
_c36567 _d36567 |
||
| 003 | OSt | ||
| 005 | 20211112110858.0 | ||
| 008 | 190216s9999||||xx |||||||||||||| ||und|| | ||
| 040 | _coclc | ||
| 082 |
_a954.83 _bEDA/K |
||
| 100 |
_aJoseph, Edamaruku T C _98900 |
||
| 245 | 0 |
_aKerala Samskaaram / _cEdamaruku T C Joseph |
|
| 260 |
_bVidyarthimithram, _c1971. _aKottayam: |
||
| 300 | _a620p | ||
| 650 | _aKearala Samskaaram | ||
| 942 |
_cBK _2ddc _h954.83 _iEDA/K _k954.83 _mEDA/K |
||